000 01057nam0a2200313 4500
001 RU\NLR\BIBL_A\012066589
005 20190822155407.0
010 _a978-5-04-104056-7
_95000
021 _aRU
_bКН-П-19-049005
_9КН-П-19-3560
035 _a(NLR Aleph) 012066589
035 _a(RuMoRGB)010028588
090 _a11733053
_c11733053
100 _a20190729d2019 u y0rusy50 ca
101 1 _arus
_ceng
102 _aRU
105 _ay|||zzzz000ay
200 1 _aА ты умеешь хранить секреты?
_fСофи Кинселла
_g[перевод с английского Т. Перцевой]
210 _aМосква
_cЭксмо
_d2019
215 _a381, [1] с.
_d20
225 1 _aBook. Resort & Spa
225 1 _aRelax, adventure, dream, love
333 _a16+
686 1 _aШ6(4Вл)67-440.4{Лх1299-50}
700 1 _aКинселла
_bС.
_f1969-
_gСофи
_3RU\NLR\AUTH\7737675
942 _cBOOK
980 _aNBR
980 _aNB